Statistics for "May Issue" Concealed Carry States

Click here to take the quiz!

General Stats

  • This quiz has been taken 6 times
  • The average score is 7 of 8

Answers on the Map

Answers color-coded by a green-red scale on the quiz's map according to % correct below.
 

Answer Stats

Answer% Correct
California
100%
New York
100%
Connecticut
83%
Delaware
83%
Maryland
83%
New Jersey
83%
Massachusetts
67%
Hawaii
50%

Score Distribution

Percentile by Number Answered

Percent of People with Each Score

Your Score History

You have not taken this quiz